000 00603nam a22001695i 4500
001 166133
003 ES-MaACL
005 20230906213254.0
008 050908s1868 fr | |||||||| ||fre d
040 _aCAM
_bspa
_cCAM
100 1 _aTénot, Eugène.
_9133430
245 1 0 _aParis en Décembre 1851
_b: étude historique sur le coup d'état /
_cpar Eugène Ténot.
250 _a2e éd.
260 _aParis :
_bArmand Le Chevalier, éditeur,
_c1868 (
_fImprimerie Emile Voitelain et C.)
300 _aIX, 302 p. ;
_c23 cm.
852 _aES-MaACL
_jG-6221
_z-- Sin enc.
_z-- Legado de Modesto de la Fuente
999 _c166133
_d166133